000 00466nam a2200181Ia 4500
008 131103s9999 xx 000 0 und d
020 _a340552069
040 _aLoreto College
041 _aEnglish
082 _aF/LEC
_bLCBED/10903
100 _aLe Carre, John
245 4 _aThe secret pilgrim
_cJohn Le Carre
260 _aLondon
_bHodder & Stoughton
_c1990
300 _a335p.
_c 20 cm.
650 _aEnglish Fiction
850 _aLCBED/F/LEC
942 _cBK
999 _c32431
_d82910